00626cam a22002053a 45000010005000000030006000050050017000110080041000280400015000690420007000840500007000911000044000982450081001422600029002235060030002525160020002826530049003028300028003518560041003796112PGUSA20140828083128.0040701s2004||||xxu|||||s|||||000 1 eng d aPGUSAbeng adc 4aPS1 aHaliburton, Thomas Chandler,d1796-186510aNature and Human Natureh[electronic resource] /cThomas Chandler Haliburton bProject Gutenberg,c2004 aPublic domain in the USA. aElectronic text aSlick, Sam (Fictitious character) -- Fiction 0aProject Gutenbergv611240uhttp://www.gutenberg.org/ebooks/6112